| 000 | 01208nam a22002537 4500 | ||
|---|---|---|---|
| 999 |
_c930 _d930 |
||
| 003 | AR-BaISA | ||
| 005 | 20260317115842.0 | ||
| 007 | ta | ||
| 008 | 220517s2015 sp ado|| |||| 001 0 spa d | ||
| 020 | _a9788490228715 | ||
| 040 |
_bspa _cAR-BaISA |
||
| 082 | 0 | 4 |
_222 _a615.82 D543 |
| 100 | 1 |
_92211 _aDíaz Mohedo, Esther |
|
| 245 | 1 | 0 |
_aManual de fisioterapia en traumatología / _cEsther Díaz Mohedo |
| 260 |
_aBarcelona: _bElsevier, _c2015 |
||
| 300 |
_aXIII, 192 p.: _bil., fotos, gráfs., tablas |
||
| 504 | _aBibliografía al final de cada capítulo. | ||
| 504 | _aÍndice analítico p.: 191-192. | ||
| 505 |
_tHistoria clínica en Fisioterapia -- _tFisioterapia en las lesiones óseas: fracturas y periostitis -- _tFisioterapia en las luxaciones -- _tFisioterapia en las lesiones meniscales -- _tFisioterapia en la sinovitis -- _tFisioterapia en las condropatías -- _tFisioterapia en las lesiones ligamentosas -- _tFisioterapia en las lesiones musculares -- _tFisioterapia en las lesiones tendinosas -- _tTécnicas fisioterápicas en las lesiones traumatológicas |
||
| 650 | 1 | 4 |
_91206 _aFisioterapia |
| 650 | 1 | 4 |
_91009 _aTraumatología |
| 650 | 1 | 4 |
_aHeridas y lesiones _92108 |
| 942 |
_2ddc _cLI _e22 |
||